000 01722nam a2200409 c 4500
003 BLK
005 20180422111552.0
008 180409b bul|||||r ||||||| ||bul||
010 _aKNG00137306000
020 _a978-954-92306-9-7
_bиздат.: Vagabond Media
040 _aBLK
041 _aBUL
_cBUL
072 7 _2bullib
_aН31
_xСоциология Н
080 _aМнозинства. Малцинства
_b316.347.2
_x(497.2=943.5)
_z316.347.2(497.2=943.5)
080 _aНационални малцинства. Оптанти
_b323.15
_x(497.2=943.5)
_z323.15(497.2=943.5)
080 _aЕтнология. Етнография. Нрави. Обичаи. Бит. Фолклористика. Вж и 572 ; 903 ; 904
_b39
_x(497.2=943.5)
_z39(497.2=943.5)
100 1 _aГеоргиев, Антони
_eпърви автор
_9378244
700 1 _aГеоргиев, Антони
_eфотогр.
_9378244
139 _aТурците в България
_bТ 93
245 1 0 _aТурците в България
_bИстория, традиции, култура
_cАнтони Георгиев; фотогр. Антони Георгиев.
257 _aBGR
260 София
_bVagabond Media
_c2012
_fСофия : Д. Благоев
300 _a187 с.
_bс ил.
_c21х26 см
380 _a3
650 4 _aТурци - България
_9280571
650 4 _aМалцинства, турски - България
_9263329
653 _aтурци
653 _aмалцинства
653 _aистория
653 _aкултура
659 _aН
852 _aЦб 257460
856 4 _qpdf
_u
856 4 _qpdf
_u
942 _cKNG
_n0
944 _aCR
_c19.05.2010
_kГеновева_Генчева
944 _aED
_c09.01.2013
_k
999 _c131485
_d131485